Normal view
MARC view
- Richtmyer, F. K
Entry Personal Name
001 - CONTROL NUMBER
- control field: 103651
003 - CONTROL NUMBER IDENTIFIER
- control field: NUST
005 - DATE AND TIME OF LATEST TRANSACTION
- control field: 20221128093314.0
008 - FIXED-LENGTH DATA ELEMENTS
- fixed length control field: 221128|| aca||aabn | a|a d
040 ## - CATALOGING SOURCE
- Original cataloging agency: NUST
- Transcribing agency: NUST
100 ## - HEADING--PERSONAL NAME
- Personal name: Richtmyer, F. K
670 ## - SOURCE DATA FOUND
- Source citation: Work cat.: (NUST)180570: Richtmyer, F. K., Introduction to modern physics / , 1969
